Contabilidad / (Record no. 89806)

MARC details
000 -CABECERA
campo de control de longitud fija 00880nam a2200217 a 4500
005 - FECHA Y HORA DE LA ÚLTIMA TRANSACCIÓN
campo de control 20240412063647.0
008 - ELEMENTOS DE LONGITUD FIJA--INFORMACIÓN GENERAL
campo de control de longitud fija 020510s2000 ve r 000 0 spa d
020 ## - NÚMERO INTERNACIONAL NORMALIZADO PARA LIBROS
Número Internacional Estándar del Libro 9806168607
035 ## - NÚMERO DE CONTROL DEL SISTEMA
Número de control de sistema UPN01000117267
049 ## - COLECCIÓN
Colección CG
050 #4 - SIGNATURA TOPOGRÁFICA DE LA BIBLIOTECA DEL CONGRESO
Número de clasificación HF5635
Número de documento/Ítem C3.2
100 1# - ASIENTO PRINCIPAL--NOMBRE PERSONAL
Nombre de persona Catacora Carpio, Fernando
245 10 - MENCIÓN DE TÍTULO
Título Contabilidad /
Mención de responsabilidad, etc. Fernando Catacora Carpio.
260 ## - PUBLICACIÓN, DISTRIBUCIÓN, ETC.
Lugar de publicación, distribución, etc. Caracas :
Nombre del editor, distribuidor, etc. McGraw-Hill Interamericana,
Fecha de publicación, distribución, etc. 2000.
300 ## - DESCRIPCIÓN FÍSICA
Extensión xii, 356 p. :
Otras características físicas il +
Material acompañante/anejo 1 diskete de 3 1/2 plg.
500 ## - NOTA GENERAL
Nota general Incluye un diskete de 3 1/2 plg. Solicítalo en Documentación.
500 ## - NOTA GENERAL
Nota general "Software de contabilidad en ambiente windows, modelos contables en excel, láminas resumen en power point y problemas de estudio adicionales"
500 ## - NOTA GENERAL
Nota general Título de la cubierta: Contabilidad : la base para las decisiones gerenciales
650 #4 - ASIENTO SECUNDARIO DE MATERIA - TERMINO TEMATICO
Término de materia o nombre geográfico como elemento de entrada Contabilidad
Subdivisión general Estudio y enseñanza
9 (RLIN) 12260
905 ## - TIPO DE MATERIAL
Tipo de material Libro
Holdings
Estado de retiro Estado de pérdida Fuente del sistema de clasificación o colocación Estado dañado No para préstamo Código de colección Localización permanente Ubicación/localización actual Ubicación en estantería Total de préstamos Clasificación Código de barras Fecha visto por última vez Número de copia Tipo de ítem Koha
    Library of Congress Classification     Colección General Bib. Gregorio Torres Quintero Bib. Gregorio Torres Quintero Planta baja 36 HF6535 C3.2 195869 31/12/2020 1 Libro
    Library of Congress Classification     Colección General Bib. Gregorio Torres Quintero Bib. Gregorio Torres Quintero Planta baja 33 HF6535 C3.2 195868 31/12/2020 1 Libro